[Event "CZE-chT2F 2122"]
[Site "Czech Republic"]
[Date "2022.02.27"]
[Round "9.8"]
[White "Dusek, Libor"]
[Black "Zajicek, Tomas"]
[Result "0-1"]
[WhiteElo "1817"]
[BlackElo "1931"]
[PlyCount "52"]
[EventDate "2021.10.17"]
[EventType "team-tourn"]
[EventRounds "11"]
[EventCountry "CZE"]
[SourceTitle "EXT 2024"]
[Source "ChessBase"]
[SourceDate "2023.10.10"]
[SourceVersion "1"]
[SourceVersionDate "2023.10.10"]
[SourceQuality "1"]
[WhiteTeam "Havirov Banik"]
[BlackTeam "Prostejov"]
[WhiteTeamCountry "CZE"]
[BlackTeamCountry "CZE"]

1. d4 d5 2. c4 e6 3. Nc3 Nf6 4. Bg5 Be7 5. e3 Nbd7 6. Nf3 0-0 7. Bd3 Re8 8. a3 h6 9. h4 dxc4 10. Bxc4 a6 11. Rc1 b5 12. Bd3 Bb7 13. Bf4 Nh5 14. b4 Nxf4 15. exf4 Nb6 16. Ne4 Nd5 17. g3 a5 18. Bxb5 axb4 19. Bxe8 Qxe8 20. 0-0 bxa3 21. Kh2 Nxf4 22. Nc3 Qc6 23. Ne1 a2 24. gxf4 Bd6 25. Ne2 Qxc1 26. Qxc1 a1Q 0-1